• 首页
  • 本馆介绍
  • 公告通知
  • 最新文献
  • 馆藏检索
  • 电子资源
  • 读者导购
  • 参考咨询
  • 我的图书馆
  • 登录
  • 详细信息显示
  • 放入我的书架
  • 预约/预借图书
  • 作者相关作品
  • 分类相关作品
  • 丛书相关作品
  • 出版社相关作品

书目信息

  • 表格格式
  • 工作单格式
  • 卡片格式
题名:
相控阵雷达接收技术
    
 
作者: 郭崇贤 著
分册:  
出版信息: 北京   国防工业出版社  2009.07
页数: 346页
开本: 21cm
丛书名: 相控阵雷达技术丛书
单 册:
中图分类: TN958.92
科图分类:
主题词: 雷达--各种体制的
电子资源:
ISBN: 978-7-118-06018-8
000 00653nam0 2200217 450
001 1158756266
005 20110914162114.48
010    @a978-7-118-06018-8@dCNY75.00
100    @a20110914d2009 km y0chiy0120 ea
101 0  @achi
102    @aCN@b110000
200 1  @a相控阵雷达接收技术@Axiang kong zhen lei da jie shou ji shu@f郭崇贤著@Fguo chong xian zhu
210    @a北京@c国防工业出版社@d2009.07
215    @a346页@d21cm
225 2  @a相控阵雷达技术丛书
410  0 @12001 @a相控阵雷达技术丛书
606 0  @a雷达@x各种体制的
690    @aTN958.92@v5
701  0 @a郭崇贤@Aguo chong xian@4著
801  0 @aCN@bNISOFT@c20110914
905    @aBZT@dTN958.92@e2
    
    相控阵雷达接收技术/郭崇贤著.-北京:国防工业出版社,2009.07
    346页;21cm.-(相控阵雷达技术丛书)
    
    
    ISBN 978-7-118-06018-8:CNY75.00
    
●
相关链接 在五车中查询图书 在当当中查询图书 在豆瓣中查询图书


正题名:相控阵雷达接收技术     索取号:TN958.92/2         预约/预借

序号 登录号 条形码 馆藏地/架位号 状态 备注
1 794680   2000794680   中心书库中库/ 中库028架B面3列4层22/ [索取号:TN958.92/2] 在馆    
2 794681   2000794681   中心书库中库/ 中库028架B面3列4层21/ [索取号:TN958.92/2] 在馆    
3 794682   2000794682   中心书库中库/ 中库028架B面3列4层18/ [索取号:TN958.92/2] 在馆    
山东省滨州职业学院图书馆 欢迎您!
大连网信软件有限公司© 版权所有